| 000 | 01355nam a2200121Ia 4500 | ||
|---|---|---|---|
| 008 | 220615s9999||||xx |||||||||||||| ||und|| | ||
| 245 | 0 | _aBioactive Phytochemicals in Health and Disease | |
| 546 | _aEnglish[eng] | ||
| 650 | _aquercetin||nervous system||molecular signals||pharmacological potential||cognitive impairment.||micronuclei||radioprotectors||radiation effects||melanoma||PNT2||B16F10 cells||Ulmus parvifolia||wound healing||matrix metalloproteinase||transforming growth factor||skin rejuvenation||kaempferol||naringin||orientin||rutin||vitexin||chlorogenic acid||citric acid||malic acid||quinic acid||rosmarinic acid||curcumin||nanocurcumin||neurological disorders||nanocarriers||liposomes||cancer||diet||flavonoids||food supplements||hormesis||phytoestrogens||sulforaphane||resveratrol||cardiovascular disease||nanomedicine||liposome||nanoformulation||RNA-dependent RNA polymerase||remdesivir||chloroquine||SARS-CoV-2||COVID-19||spike glycoproteins||Acorus calamus||ethnomedicinal||phytochemistry||toxicity||pharmacological action||clinical trial||neuroprotective||neurological||metabolic application||kurarinone||coronavirus||HCoV-OC43||autophagy||infection||MRC-5 cell||LC3||p62/SQSTM1 protein||n/a | ||
| 700 | _aIriti, Marcello||Martins, Natália||Rodrigues, Célia F. | ||
| 856 | _uhttps://mdpi.com/books/pdfview/book/2880 | ||
| 942 | _cEB | ||
| 999 |
_c10988 _d10988 |
||